| 000 | 00329nam a22001337a 4500 | ||
|---|---|---|---|
| 008 | 180309b xxu||||| |||| 00| 0 eng d | ||
| 020 | _a9780471184232 | ||
| 041 | _aeng | ||
| 080 |
_23rd _a54 |
||
| 100 | _a12 | ||
| 101 | _aKIM | ||
| 245 |
_aThe organometallic chemistry of the transition metals _cCrabtree,R,H |
||
| 942 |
_2udc _cBK |
||
| 999 |
_c44556 _d44556 |
||